000 00405nam a22001577a 4500
003 OSt
008 210915b ||||| |||| 00| 0 eng d
020 _a9789389907414
082 _a621.47
_bRAT/FU
100 _aRathore,N. S
_95009
245 _aFundamentals of renewable energy /
260 _aNew Delhi
_bNew India Publiushing Agency
_c2021
300 _a410 pages
700 _aPanwar,N.L
942 _cBK
999 _c17428
_d17428